| 000 | 00522nam a22001817a 4500 | ||
|---|---|---|---|
| 005 | 20251108165826.0 | ||
| 008 | 250721s9999 xx 000 0 ara d | ||
| 082 | 1 | 4 | _aط/613.3/ماء |
| 245 | 1 | 0 | _aالماء حياة و نور / |
| 264 | 1 |
_aبيروت : _bدار شهرزاد، _c[19-]. |
|
| 300 | _a24ص : مص | ||
| 490 | 0 |
_aسلسلة علوم و معارف _v1 |
|
| 650 | 1 | 7 | _aالماء |
| 650 | 1 | 7 | _aالصحة |
| 653 | _aمرحلة ناشئون صغار(10-14) سنة | ||
| 942 |
_2ddc _cBK |
||
| 999 |
_c32267 _d32267 |
||